Gazetteer of the Gujranwala District, 1883-4. (Record no. 330751)

000 -LEADER
fixed length control field 00930cam a2200277 a 4500
001 - CONTROL NUMBER
control field 13896052
003 - CONTROL NUMBER IDENTIFIER
control field NUST
005 - DATE AND TIME OF LATEST TRANSACTION
control field 20180116120954.0
008 - FIXED-LENGTH DATA ELEMENTS--GENERAL INFORMATION
fixed length control field 050310r2004 pk b 000 0 eng
010 ## - LIBRARY OF CONGRESS CONTROL NUMBER
LC control number 2005309245
020 ## - INTERNATIONAL STANDARD BOOK NUMBER
International Standard Book Number 9693515951
025 ## - OVERSEAS ACQUISITION NUMBER
Overseas acquisition number P-E-2005309245; 17
040 ## - CATALOGING SOURCE
Original cataloging agency DLC
Transcribing agency DLC
Modifying agency DLC
042 ## - AUTHENTICATION CODE
Authentication code lcode
043 ## - GEOGRAPHIC AREA CODE
Geographic area code a-pk---
050 00 - LIBRARY OF CONGRESS CALL NUMBER
Classification number DS392.G844
Item number G38 2004
082 00 - DEWEY DECIMAL CLASSIFICATION NUMBER
Classification number 954.91
Author Mark GAZ
245 00 - TITLE STATEMENT
Title Gazetteer of the Gujranwala District, 1883-4.
260 ## - PUBLICATION, DISTRIBUTION, ETC.
Place of publication, distribution, etc. Lahore :
Name of publisher, distributor, etc. Sang-e-Meel Publications,
Date of publication, distribution, etc. 2004.
300 ## - PHYSICAL DESCRIPTION
Extent v, 92 p. ;
Dimensions 25 cm.
500 ## - GENERAL NOTE
General note Originally published: Lahore : Punjab Govt.
500 ## - GENERAL NOTE
General note Includes bibliographical references.
651 #0 - SUBJECT ADDED ENTRY--GEOGRAPHIC NAME
Geographic name Gujrānwāla District (Pakistan)
9 (RLIN) 1299
906 ## - LOCAL DATA ELEMENT F, LDF (RLIN)
a 7
b cbc
c origode
d 3
e ncip
f 20
g y-gencatlg
942 ## - ADDED ENTRY ELEMENTS (KOHA)
Source of classification or shelving scheme
Koha item type Book
Holdings
Withdrawn status Lost status Source of classification or shelving scheme Damaged status Not for loan Permanent Location Current Location Shelving location Date acquired Total Checkouts Full call number Barcode Date last seen Date last checked out Copy number Price effective from Koha item type
          Central Library (CL) Central Library (CL) Book Cart 08/03/2017 1 954.9143 GAZ CL2844 12/30/2020 10/19/2020 1 08/03/2017 Book
© 2023 Central Library, National University of Sciences and Technology. All Rights Reserved.